The ratings game (Record no. 78482)
[ view plain ]
| 000 -LEADER | |
|---|---|
| fixed length control field | 00876cab a2200217 4500 |
| 001 - CONTROL NUMBER | |
| control field | L136888 |
| 008 - FIXED-LENGTH DATA ELEMENTS--GENERAL INFORMATION | |
| fixed length control field | 070228n2007 000 0 eng u |
| 035 ## - SYSTEM CONTROL NUMBER | |
| System control number | (Sirsi) u136888 |
| 041 0# - LANGUAGE CODE | |
| Language code of text/sound track or separate title | eng |
| 100 1# - MAIN ENTRY--PERSONAL NAME | |
| Personal name | Heath, Gordon |
| 245 04 - TITLE STATEMENT | |
| Title | The ratings game |
| 260 ## - PUBLICATION, DISTRIBUTION, ETC. | |
| Date of publication, distribution, etc. | 2007 |
| 490 #4 - SERIES STATEMENT | |
| Series statement | IRRV Faculty Review |
| Volume/sequential designation | February 2007, 19(1) |
| 520 ## - SUMMARY, ETC. | |
| Summary, etc. | Discusses the business rates relief scheme, and whether there is a need for such a scheme considering the small amounts of relief involved. Discusses how new regulations bring back the right of appeal |
| 590 ## - LOCAL NOTE (RLIN) | |
| Local note | KA |
| 650 24 - SUBJECT ADDED ENTRY--TOPICAL TERM | |
| Topical term or geographic name entry element | GALLAGHER V CHURCH OF JESUS CHRIST OF LATTER-DAY SAINTS |
| 650 24 - SUBJECT ADDED ENTRY--TOPICAL TERM | |
| Topical term or geographic name entry element | NON-DOMESTIC RATING (ALTERATION OF LISTS AND APPEALS) (ENGLAND) (AMENDMENT) REGULATIONS 2006 |
| 651 #4 - SUBJECT ADDED ENTRY--GEOGRAPHIC NAME | |
| Geographic name | England |
| Chronological subdivision | 886- |
| 690 ## - LOCAL SUBJECT ADDED ENTRY--TOPICAL TERM (OCLC, RLIN) | |
| Topical term or geographic name as entry element | PROPERTY-COMMERCIAL PROPERTY-COMMERCIAL PROPERTY TAXATION-BUSINESS RATES |
| 942 ## - ADDED ENTRY ELEMENTS (KOHA) | |
| Suppress in OPAC | 0 |
| Withdrawn status | Lost status | Source of classification or shelving scheme | Damaged status | Not for loan | Home library | Current library | Shelving location | Date acquired | Total Checkouts | Full call number | Barcode | Date last seen | Copy number | Price effective from | Koha item type |
|---|---|---|---|---|---|---|---|---|---|---|---|---|---|---|---|
| Dewey Decimal Classification | London | London | Journal article | 28/02/2007 | L136888 | 136888-1001 | 06/08/2019 | 1 | 06/08/2019 | Journal article |